000 00913nas a2200289 4500
001 BR0602143
003 BR-BrBNA
005 20231205110010.0
007 ta
008 230509b bl.|||p| |||| 00| 00por d
040 _aBR-BrBNA
_bpor
_cBiblioteca Nacional de Agricultura
041 _a(Pt)
072 _aQ04
100 1 _aCamargo, M.C.R.
100 1 _aTfouni, S.A.V.
100 1 _aVitorino, S.H.P.
100 1 _aMenegário, T.F.
100 1 _aToledo, M.C. de F.
245 1 _aDeterminação de hidrocarbonetos policíclicos aromáticos (HPAS)em guaraná em pó (Paullinia cupana)
650 _aGUARANÁ EM PÓ
650 _aHIDROCARBONETO
650 _aCOMPOSTO ORGÂNICO
650 _aCROMATOGRAFIA
773 0 _tCiência e Tecnologia de Alimentos (Brazil)
_xISSN 0101-2061
_g(Jan-Mar 2006), v. 26(1) p. 230-234
_wBR0602143
909 _a202311
_bLúcia
_c55
_dLúcia Elande
942 _2AGRIS
_n0
_cANA
999 _c185750
_d185750